| 000 | 00572nam a2200217Ia 4500 | ||
|---|---|---|---|
| 003 | OSt | ||
| 005 | 20220928140808.0 | ||
| 006 | a|||||r|||| 00| 0 | ||
| 007 | ta | ||
| 008 | 220927b |||||||| |||| 00| 0 eng d | ||
| 024 | _a11921 | ||
| 037 | _cAnnuals, Advances | ||
| 040 |
_aSDCL _cSDCL _beng |
||
| 041 |
_2eng _aeng |
||
| 082 | _a4:(P152)'N76-N2, M1 | ||
| 100 |
_aOffredi _9497701 |
||
| 245 | 0 | _aHindi patrakarita mein aathwan dashak. | |
| 260 | _c1981 | ||
| 942 |
_h4:(P152)'N76-N2, M1 _cREF _2CC |
||
| 999 |
_c814339 _d814339 |
||